[Event "Troya op 23rd"]
[Site "Canakkale"]
[Date "2015.08.10"]
[Round "4"]
[White "Simsek, Hakki Kaan"]
[Black "Hajiyev, Shahin Qabil"]
[Result "0-1"]
[WhiteElo "1812"]
[BlackElo "1945"]
[PlyCount "112"]
[EventDate "2015.08.08"]
[EventType "swiss"]
[EventRounds "9"]
[EventCountry "TUR"]
[SourceTitle "CBM 167 Extra"]
[Source "ChessBase"]
[SourceDate "2015.09.14"]
[SourceVersion "1"]
[SourceVersionDate "2015.09.14"]
[SourceQuality "1"]

1. b3 d5 2. Bb2 c5 3. e3 Nc6 4. Bb5 Bd7 5. f4 e6 6. Nf3 Nf6 7. Bxc6 Bxc6 8. Ne5 Bb5 9. d3 g6 10. Nd2 Bg7 11. Qf3 Qc7 12. Ng4 Qe7 13. 0-0 0-0 14. Ne5 Rfd8 15. g4 h5 16. h3 hxg4 17. hxg4 Nd7 18. Kg2 Nxe5 19. fxe5 d4 20. exd4 Bc6 21. Ne4 Rxd4 22. Bxd4 cxd4 23. Qf4 Qc7 24. Kg1 Bxe5 25. Qh6 Bxe4 26. dxe4 Qxc2 27. Rxf7 Qh2+ 28. Qxh2 Bxh2+ 29. Kxh2 Kxf7 30. Rd1 Rd8 31. e5 d3 32. Rd2 g5 33. Kg3 Rd4 34. Kf3 Kg6 35. Kg3 b5 36. Kf3 a5 37. Kg3 b4 38. Kf3 Kf7 39. Kg3 Ke8 40. Kf3 Ke7 41. Ke3 Rxg4 42. Kxd3 Rf4 43. Rg2 Rf5 44. Kd4 Kf7 45. Re2 Kg6 46. Kc5 Rf4 47. Kb5 Kf5 48. Kxa5 g4 49. a3 bxa3 50. b4 g3 51. Rg2 Kg4 52. b5 Rf2 53. Rg1 Rb2 54. b6 a2 55. Ra1 g2 56. Rg1 Kf3 0-1

[Event "Troya op 23rd"]
[Site "Canakkale"]
[Date "2015.08.09"]
[Round "3"]
[White "Onem, Cem"]
[Black "Simsek, Hakki Kaan"]
[Result "1/2-1/2"]
[WhiteElo "1927"]
[BlackElo "1812"]
[PlyCount "114"]
[EventDate "2015.08.08"]
[EventType "swiss"]
[EventRounds "9"]
[EventCountry "TUR"]
[SourceTitle "CBM 167 Extra"]
[Source "ChessBase"]
[SourceDate "2015.09.14"]
[SourceVersion "1"]
[SourceVersionDate "2015.09.14"]
[SourceQuality "1"]

1. e4 Nf6 2. e5 Nd5 3. d4 d6 4. Nf3 Bg4 5. Be2 e6 6. 0-0 Be7 7. c4 Nb6 8. exd6 cxd6 9. Nc3 0-0 10. Be3 Nc6 11. b3 d5 12. c5 Nd7 13. a3 a5 14. h3 Bf5 15. Bb5 Qc7 16. Rc1 b6 17. Nxd5 exd5 18. cxb6 Qxb6 19. Bxc6 Bxa3 20. Bxa8 Bxc1 21. Bxd5 Bxe3 22. fxe3 Nf6 23. Bc4 Be6 24. Ne5 Nd5 25. Bxd5 Bxd5 26. Nd7 Qg6 27. Qg4 Qxg4 28. hxg4 Re8 29. Ra1 Bxb3 30. Rxa5 Be6 31. Nc5 Bxg4 32. e4 f6 33. Kf2 h5 34. Kg3 Kh7 35. d5 Rd8 36. Ra6 Rc8 37. Rc6 Ra8 38. Na6 Re8 39. Nc5 Ra8 40. d6 Ra3+ 41. Kh2 Rc3 42. Rc7 Kg6 43. Kg1 Rc2 44. Kf1 h4 45. Kg1 h3 46. gxh3 Bxh3 47. Kh1 Kh6 48. Nd3 Rd2 49. Rc3 g5 50. Nf2 Be6 51. Nd3 Kh5 52. Kg1 Kh4 53. Kf1 Rd1+ 54. Ke2 Bg4+ 55. Ke3 Be6 56. Ke2 Bg4+ 57. Ke3 Be6 1/2-1/2

[Event "Manavgat Turkey Cup"]
[Site "Manavgat"]
[Date "2015.02.02"]
[Round "4"]
[White "Simsek, Hakki Kaan"]
[Black "Afyoncu, Omer"]
[Result "0-1"]
[WhiteElo "1824"]
[BlackElo "2088"]
[PlyCount "72"]
[EventDate "2015.01.31"]
[EventType "swiss"]
[EventRounds "11"]
[EventCountry "TUR"]
[SourceTitle "CBM 164 Extra"]
[Source "ChessBase"]
[SourceDate "2015.03.02"]
[SourceVersion "1"]
[SourceVersionDate "2015.03.02"]
[SourceQuality "1"]

1. e4 c5 2. c3 g6 3. d4 cxd4 4. cxd4 d5 5. exd5 Nf6 6. Nc3 Bg7 7. Bc4 0-0 8. Nf3 Nbd7 9. 0-0 Nb6 10. Bb3 Nfxd5 11. Bg5 h6 12. Bh4 g5 13. Bg3 Bg4 14. h4 gxh4 15. Bxh4 Nf4 16. Re1 Ng6 17. Bg3 e6 18. Qd3 Nd7 19. Qe4 Bxf3 20. gxf3 Nf6 21. Qxb7 Nh5 22. Rad1 Nxg3 23. fxg3 Bxd4+ 24. Kg2 Qf6 25. Qe4 Be5 26. f4 Bc7 27. Qd4 Qf5 28. Ne4 Rfd8 29. Nf6+ Kh8 30. Nd7+ e5 31. fxe5 Rg8 32. e6+ Rg7 33. Re4 Bxg3 34. Rh1 Nf4+ 35. Rxf4 Bxf4+ 36. Kf2 Be5+ 0-1

[Event "Golden Sands Europe op 3rd"]
[Site "Golden Sands"]
[Date "2014.06.10"]
[Round "1"]
[White "Simsek, Hakki Kaan"]
[Black "Soltanici, Ruslan"]
[Result "0-1"]
[WhiteElo "1832"]
[BlackElo "2346"]
[PlyCount "78"]
[EventDate "2014.06.10"]
[EventType "swiss"]
[EventRounds "9"]
[EventCountry "BUL"]
[SourceTitle "CBM 160 Extra"]
[Source "ChessBase"]
[SourceDate "2014.07.01"]
[SourceVersion "1"]
[SourceVersionDate "2014.07.01"]
[SourceQuality "1"]

1. e4 c5 2. Nf3 d6 3. Bb5+ Nd7 4. 0-0 a6 5. Bxd7+ Bxd7 6. c3 Nf6 7. Re1 e6 8. d4 Be7 9. Nbd2 cxd4 10. Nxd4 0-0 11. N2f3 e5 12. Nf5 Bxf5 13. exf5 Qd7 14. Nh4 Ne8 15. Re4 Bxh4 16. Rxh4 Qxf5 17. Rh5 Qe6 18. Qf3 Nf6 19. Rg5 d5 20. Qg3 Ne4 21. Rxe5 Nxg3 22. Rxe6 fxe6 23. hxg3 e5 24. Be3 Rfd8 25. Rd1 Rac8 26. f4 d4 27. cxd4 exd4 28. Rxd4 Rxd4 29. Bxd4 Rc2 30. f5 Kf7 31. Kh2 h5 32. Kh3 Rc4 33. Bc3 Rg4 34. a3 b5 35. Be5 Rg5 36. Kh4 Rxf5 37. Bd4 g6 38. Be3 Re5 39. Bb6 Re2 0-1

[Event "Kemer Turkey Cup"]
[Site "Kemer"]
[Date "2014.02.04"]
[Round "5"]
[White "Simsek, Hakki Kaan"]
[Black "Metin, Mehmet"]
[Result "0-1"]
[WhiteElo "1843"]
[BlackElo "2201"]
[PlyCount "76"]
[EventDate "2014.02.01"]
[EventType "swiss"]
[EventRounds "9"]
[EventCountry "TUR"]
[SourceTitle "CBM 158 Extra"]
[Source "ChessBase"]
[SourceDate "2014.02.28"]
[SourceVersion "1"]
[SourceVersionDate "2014.02.28"]
[SourceQuality "1"]

1. e4 c5 2. Nf3 Nc6 3. Bc4 g6 4. 0-0 Bg7 5. c3 d6 6. h3 Nf6 7. d3 0-0 8. Re1 Na5 9. Bb5 a6 10. Ba4 b5 11. Bc2 e5 12. d4 Qc7 13. Nbd2 cxd4 14. cxd4 Bb7 15. a4 b4 16. Nf1 Rac8 17. Bd3 exd4 18. Nxd4 Nd7 19. Be3 Nc5 20. Rc1 Qd7 21. Qe2 Rfe8 22. Ng3 d5 23. Red1 Nxd3 24. Rxc8 Qxc8 25. Qxd3 dxe4 26. Qd2 Bf8 27. Bh6 e3 28. Bxe3 Nc4 29. Qe2 Nxe3 30. fxe3 Bh6 31. e4 Qc5 32. Kh1 Qe5 33. Qg4 Bc8 34. Ndf5 Bg7 35. Rd5 Qc7 36. Nh5 Bxf5 37. Rxf5 gxh5 38. Qxh5 Rxe4 0-1

[Event "Kemer Turkey Cup"]
[Site "Kemer"]
[Date "2014.02.01"]
[Round "1"]
[White "Sari, Yasin"]
[Black "Simsek, Hakki Kaan"]
[Result "1-0"]
[WhiteElo "2051"]
[BlackElo "1843"]
[PlyCount "61"]
[EventDate "2014.02.01"]
[EventType "swiss"]
[EventRounds "9"]
[EventCountry "TUR"]
[SourceTitle "CBM 158 Extra"]
[Source "ChessBase"]
[SourceDate "2014.02.28"]
[SourceVersion "1"]
[SourceVersionDate "2014.02.28"]
[SourceQuality "1"]

1. e4 c5 2. Nc3 e6 3. Nf3 Nc6 4. d4 cxd4 5. Nxd4 Qc7 6. g3 Nf6 7. Bg2 a6 8. 0-0 Nxd4 9. Qxd4 Bc5 10. Qd3 0-0 11. Bf4 d6 12. Rad1 e5 13. Bg5 Be6 14. Bxf6 gxf6 15. Nd5 Bxd5 16. exd5 Kg7 17. Qf5 Rh8 18. Qh5 Rag8 19. Be4 Kf8 20. Qh6+ Ke7 21. Rd3 f5 22. Bxf5 Qd8 23. b4 Bb6 24. c4 Qf8 25. Qh4+ f6 26. c5 dxc5 27. d6+ Kd8 28. Qc4 Qe8 29. bxc5 Ba7 30. Rb1 Rg7 31. d7 1-0

[Event "TUR-ch"]
[Site "Antalya"]
[Date "2013.02.07"]
[Round "8"]
[White "Ozalp, Burak"]
[Black "Simsek, Hakki Kaan"]
[Result "0-1"]
[WhiteElo "2022"]
[BlackElo "1763"]
[PlyCount "103"]
[EventDate "2013.02.02"]
[EventType "swiss"]
[EventRounds "11"]
[EventCountry "TUR"]
[SourceTitle "CBM 152 Extra"]
[Source "ChessBase"]
[SourceDate "2013.02.25"]
[SourceVersion "1"]
[SourceVersionDate "2013.02.25"]
[SourceQuality "1"]

1. d4 Nf6 2. Nc3 d5 3. Bg5 c6 4. f3 Bf5 5. Qd2 Bc8 6. Qd1 Bf5 7. Qd2 Nbd7 8. 0-0-0 b5 9. g4 Bg6 10. e3 Qa5 11. Kb1 Nb6 12. Ne4 b4 13. Nc5 Nc4 14. Bxc4 dxc4 15. Qe2 b3 16. axb3 cxb3 17. Nxb3 Qxg5 18. h4 Qd5 19. e4 Nxe4 20. fxe4 Bxe4 21. Rh3 h6 22. Re3 Bh7 23. Nh3 e6 24. Re1 Bd6 25. g5 Bf5 26. gxh6 Rxh6 27. h5 Rb8 28. Kc1 Qb5 29. Qf2 Rxh5 30. Nf4 Rh6 31. Nd3 Rh2 32. Qf3 Qc4 33. Nd2 Qd5 34. Qf1 Qg2 35. Qxg2 Rxg2 36. Nc4 Bf4 37. Nxf4 Rxc2+ 38. Kd1 Rxc4 39. Ke2 Rc2+ 40. Kf3 Rbxb2 41. Ra1 g5 42. Nd3 Bxd3 43. Rxd3 f5 44. Rxa7 Rf2+ 45. Kg3 Rg2+ 46. Kh3 Rh2+ 47. Kg3 Rbg2+ 48. Kf3 Rh3+ 49. Kxg2 Rxd3 50. Rc7 Rxd4 51. Rxc6 Kf7 52. Kf3 0-1

[Event "TUR-ch"]
[Site "Antalya"]
[Date "2013.02.05"]
[Round "6"]
[White "Simsek, Hakki Kaan"]
[Black "Duzgun, Mehmet"]
[Result "1-0"]
[WhiteElo "1763"]
[BlackElo "1965"]
[PlyCount "141"]
[EventDate "2013.02.02"]
[EventType "swiss"]
[EventRounds "11"]
[EventCountry "TUR"]
[SourceTitle "CBM 152 Extra"]
[Source "ChessBase"]
[SourceDate "2013.02.25"]
[SourceVersion "1"]
[SourceVersionDate "2013.02.25"]
[SourceQuality "1"]

1. e4 c5 2. Nf3 d6 3. d4 cxd4 4. Nxd4 Nf6 5. Nc3 g6 6. Bc4 Bg7 7. Be3 Ng4 8. Qd2 Nxe3 9. Qxe3 Qb6 10. 0-0-0 0-0 11. Nd5 Qd8 12. Qg5 Re8 13. f4 a6 14. h4 Nc6 15. Nf3 b5 16. Bb3 Ra7 17. h5 e6 18. Ne3 Qxg5 19. fxg5 Rd8 20. Ng4 Na5 21. hxg6 Nxb3+ 22. axb3 fxg6 23. Nf6+ Bxf6 24. gxf6 Rf8 25. Rxd6 Rxf6 26. Rhd1 Rc7 27. e5 Rf5 28. c3 g5 29. Re1 Kf7 30. Nd4 Rf2 31. Rh1 Rc5 32. Rxh7+ Kg6 33. Rh8 Rxe5 34. Nf3 Rc5 35. b4 Rc7 36. Rg8+ Kf6 37. Nxg5 Ke5 38. Rd2 Rf4 39. Nf3+ Ke4 40. Re2+ Kd3 41. Re1 Kc4 42. Rd8 Kb3 43. Nd4+ Ka2 44. Nxe6 Bxe6 45. Rxe6 Rf1+ 46. Kc2 Rf2+ 47. Rd2 Rxd2+ 48. Kxd2 Kxb2 49. Re3 Rd7+ 50. Ke2 a5 51. bxa5 Ra7 52. Re5 Kxc3 53. Rxb5 Kc4 54. Rf5 Kd4 55. Kf3 Rb7 56. g4 Ra7 57. Kf4 Ra6 58. Kg5 Ke4 59. Rb5 Kd4 60. Kh5 Kc4 61. Rf5 Ra8 62. g5 Rh8+ 63. Kg6 Rd8 64. Kh7 Rd7+ 65. Kh6 Rd1 66. g6 Rh1+ 67. Kg7 Rd1 68. Kg8 Rd8+ 69. Kh7 Rd1 70. g7 Rh1+ 71. Kg6 1-0